000 00625nam a2200217 a 4500
008
049 _aMAIN
090 _aQA297
_bGRE
100 1 _aGrewal, B. S.
245 1 0 _aNumerical methods in engineering and science /
_cby B.S. Grewal.
260 _a Delhi :
_bKhana,
_cc1991.
300 _aviii, 373 p. ;
_c22 cm.
504 _aIncludes bibliographical references.
650 0 _aStatistics
_xMethodology.
650 0 _aNumerical analysis.
907 _a.b10047141
_b19-07-11
_c17-04-03
003
005 20230123133219.0
040 _cNUST
942 _cBOOKS
_kQA297
_mGRE
999 _c144706
_d144706